| 000 | 00535nam a2200145Ia 4500 | ||
|---|---|---|---|
| 008 | 170221s9999 xx 000 0 und d | ||
| 100 | _aRobert D. Evans, Jr | ||
| 245 | _aHold‘em or fold’em’: Shareholder reaction following the adoption of anti-internet gambling legislation | ||
| 245 | _cRobert D. Evans, Jr., Texas A&M International University. | ||
| 260 | _bJournal of Management and Marketing Research | ||
| 260 | _c2016 | ||
| 300 | _a16 : 1 | ||
| 650 | _xBusiness | ||
| 856 | _uhttp://www.aabri.com/manuscripts/141883.pdf | ||
| 999 |
_c311455 _d311455 |
||